Paesi più vicini al Guatemala - Morte improvvisa - Statistics

Statistiche generali
  • Questo quiz è stato fatto 18 volte
  • Il punteggio medio è 4 su 15
Answers on the Grid
Answers color-coded by a green-red scale on the quiz's grid according to % correct below.
Belize
El Salvador
Honduras
Messico
Nicaragua
Costa Rica
Cuba
Colombia
Panama
Stati Uniti
Giamaica
Bahamas
Ecuador
Haiti
Repubblica Dominicana
Perù
Guyana
Bolivia
Brasile
Paraguay
Saint Kitts e Nevis
Trinidad e Tobago
Saint Lucia
Canada
Uruguay
Argentina
Antigua e Barbuda
Nauru
Tuvalu
Cile
 
Statistiche sulle risposte
Risposta % Corretto
Honduras
100%
Cuba
67%
El Salvador
67%
Costa Rica
33%
Giamaica
33%
Haiti
33%
Messico
33%
Panama
33%
Bahamas
0%
Belize
0%
Colombia
0%
Ecuador
0%
Nicaragua
0%
Repubblica Dominicana
0%
Stati Uniti
0%
Nessun quiz corrispondente trovato
Distribuzione punteggi
Percentuale di utenti per punteggio
Percentile per numero di risposta
I tuoi punteggi nel tempo
Non hai fatto questo quiz